000 00277nam a22000977a 4500
003 SGT
100 _aNaveen-221001002
245 _aA study of Awareness Among Secondary school students Tow Ards Environmental pollrtion and its remedial Solution
260 _c2022
942 _2ddc
_cTH
999 _c29399
_d29399